LEADER 01960nam 2200445 450 001 9910793751803321 005 20230313203137.0 010 $a1-77091-131-6 035 $a(CKB)4100000008780871 035 $a(MiAaPQ)EBC5840951 035 $a(Au-PeEL)EBL5840951 035 $a(OCoLC)821261767 035 $a(EXLCZ)994100000008780871 100 $a20190827h20132013 uy d 101 0 $aeng 135 $aurcnu|||||||| 181 $ctxt$2rdacontent 182 $cc$2rdamedia 183 $acr$2rdacarrier 200 14$aThe cave painter and the woodcutter /$fDon Hannah 210 1$aToronto :$cPlaywrights Canada Press,$d[2013] 210 4$dİ2013 215 $a1 online resource (xi, 40 pages, xi, 44 pages) $cillustrations 311 0 $a1-77091-129-4 330 $aDianne is a printmaker who derives her imagery from pre-history--Neanderthal teeth, the Jericho skulls, old bones. Too many people close to her have passed away, and her only son has rebelled by embracing a life of religious fundamentalism. The Cave Painter is a funny, moving one-woman show about being an artist and dealing with loss. In The Woodcutter, a scruffy, exhausted man is lost in the woods at nightfall with only a few sentimental objects in his pockets. Alone in a clearing, he unloads his thoughts to the surrounding wilderness, ranting and raging, unravelling a story of a troubled past and of the family he adores, eventually coming to terms with the impossible truth of what he's done. 606 $aCanadian drama 606 $aForests and forestry$vDrama 606 $aWomen printmakers$vDrama 615 0$aCanadian drama. 615 0$aForests and forestry 615 0$aWomen printmakers 676 $a769 700 $aHannah$b Don$f1951-$01528180 801 0$bMiAaPQ 801 1$bMiAaPQ 801 2$bMiAaPQ 906 $aBOOK 912 $a9910793751803321 996 $aThe cave painter and the woodcutter$93771612 997 $aUNINA LEADER 00805nam 2200241 450 001 9910839400503321 005 20240318104412.0 100 $a20240318d2008----u y0engy50 ba 101 0 $aita 102 $aIT 105 $a 000zy 200 1 $a<> esempio di storicismo Cristiano?$eper una lettura dell'introduzione alla vita etica di G. Capograssi$fdi Fulvio Tessitore 210 $a[Napoli]$cLiguori editore$d2008 215 $aP. 174-189$d15 cm 300 $aestratto da: Archivio di storia della cultura. - Anno 21. (2008) 700 1$aTessitore,$bFulvio$04713 701 1$aCapograssi,$bGiuseppe$0160447 901 $aLG 912 $a9910839400503321 952 $aDFT OPUSC. 19 (16)$b2024/2025$fFLFBC 959 $aFLFBC 996 $aEsempio di storicismo Cristiano$94133704 997 $aUNINA LEADER 02404nam 2200649 a 450 001 9910973524503321 005 20251117083055.0 010 $a1-282-43742-9 010 $a9786612437427 010 $a0-300-15554-9 024 7 $a10.12987/9780300155549 035 $a(CKB)2520000000006640 035 $a(EBL)3420631 035 $a(SSID)ssj0000436662 035 $a(PQKBManifestationID)11261004 035 $a(PQKBTitleCode)TC0000436662 035 $a(PQKBWorkID)10428407 035 $a(PQKB)10215380 035 $a(MiAaPQ)EBC3420631 035 $a(DE-B1597)485043 035 $a(OCoLC)666900504 035 $a(DE-B1597)9780300155549 035 $a(Au-PeEL)EBL3420631 035 $a(CaPaEBR)ebr10351592 035 $a(CaONFJC)MIL243742 035 $a(OCoLC)923595286 035 $z(OCoLC)666900504 035 $a(EXLCZ)992520000000006640 100 $a20080902d2009 uy 0 101 0 $aeng 135 $aur|n|---||||| 181 $ctxt 182 $cc 183 $acr 200 10$aFor the common good $eprinciples of American academic freedom /$fMatthew W. Finkin and Robert C. Post 205 $a1st ed. 210 $aNew Haven [Conn.] $cYale University Press$dc2009 215 $a1 online resource (272 p.) 300 $aDescription based upon print version of record. 311 08$a0-300-14354-0 320 $aIncludes bibliographical references (p. 191-241) and index. 327 $aThe historical origins of the concept of academic freedom -- The 1915 Declaration and the American concept of academic freedom -- Freedom of research and publication -- Freedom of teaching -- Freedom of intramural expression -- Freedom of extramural expression. 330 $aThis book offers a concise explanation of the history and meaning of American academic freedom, and it attempts to intervene in contemporary debates by clarifying the fundamental functions and purposes of academic freedom in America.--From publisher description. 606 $aAcademic freedom$zUnited States 615 0$aAcademic freedom 676 $a344.73/078 686 $a89.06$2bcl 686 $a86.52$2bcl 700 $aFinkin$b Matthew W$0547938 701 $aPost$b Robert$f1947-$0906429 801 0$bMiAaPQ 801 1$bMiAaPQ 801 2$bMiAaPQ 906 $aBOOK 912 $a9910973524503321 996 $aFor the common good$94529286 997 $aUNINA